00431 2200157 4500245005400000250001100054100002200065650001900087005001900106260000900125041001400134084000800148300002700156500008100183336000900264 aProposal Usaha "Mochimi"cAde Yulia SafitrihText aCet. 1 aAde Yulia Safitri aProposal Usaha a20240131071751 c2024 aIndonesia a080 aiii, 14 hlm. :c25 cm. aDiajukan untuk memenuhi tugas ujian praktik Produk Kreatif dan Kewirausahaan atext